Towards the mainstream Design for All
Descripción Física:
29 p. : il. col. ; 30 cm
Materias:
Disseny -- Congressos
MARC
| LEADER | 00000nam a2200000Ia 4500 | ||
|---|---|---|---|
| 001 | 19877 | ||
| 008 | 160829s1998 xx 000 0 cat d | ||
| 080 | |a FU-10-77 | ||
| 245 | |a Towards the mainstream Design for All | ||
| 260 | |a Bercelona : |b Centre de Convencions Winterthur, |c 1998 | ||
| 300 | |a 29 p. : |b il. col. ; |c 30 cm | ||
| 590 | |a A la coberta: Jornades a Barcelona 23 i 24 gener 1998, Jornadas en Barcelona 23 y 24 enero 1998, Journées à Barcelone 23 et 24 janvier 1998, Seminar in Barcelona January 23rd, 24th, 1998. Centre de | ||
| 650 | |a Disseny |x Congressos |9 43858 | ||
| 901 | |a Arxiu | ||
| 942 | |n 1 | ||
| 952 | |0 0 |1 0 |4 0 |6 FU1077 |7 1 |9 51644 |a Arxiu |b Arxiu |d 2016-12-01 |l 0 |o FU-10-77 |p 19877 |r 2016-12-01 00:00:00 |w 2016-12-01 |y ARXIU | ||
| 999 | |c 55489 |d 55489 | ||